000 00379cam a2200157ua 4500
041 _aeng
_h
082 _a621.4025
_bDEV/HE
100 _aDe Ville, E .
245 _aHeat engines /
_cE De Ville.
_hTextual Documents
250 _a1 /
_b.
260 _aLondon :
_bEnglish Universities Press ,
_c1960.
300 _a217 ; .
504 _a
942 _cBK
999 _c5629
_d5629